Estatísticas para Quiz dos Presidentes do Brasil

Clique aqui para jogar o quiz

Estatísticas Gerais

  • Esse quiz foi jogado 1 097 vezes
  • A pontuação média é 26 de 39

Estatísticas das Respostas

MandatoPresidente% Correto
2011–16Dilma Rousseff
96%
2019–Jair Bolsonaro
96%
2003–11Luiz Inácio Lula da Silva
95%
1930–37Getúlio Vargas
94%
1951–54Getúlio Vargas
94%
1937–45Getúlio Vargas
94%
2016–19Michel Temer
94%
1990–92Fernando Collor
90%
1995–2003Fernando Henrique Cardoso
88%
1889–91Deodoro da Fonseca
85%
1961–64João Goulart
81%
1956–61Juscelino Kubitschek
79%
1992–95Itamar Franco
78%
1961Jânio Quadros
78%
1985–90José Sarney
78%
1891–94Floriano Peixoto
75%
1964–67Humberto Castelo Branco
75%
1969–74Emílio Garrastazu Médici
73%
1967–69Artur da Costa e Silva
68%
1979–85João Figueiredo
67%
1974–79Ernesto Geisel
66%
1946–51Eurico Gaspar Dutra
62%
1954–55Café Filho
61%
1926–30Washington Luís
59%
1910–14Hermes da Fonseca
53%
1894–98Prudente de Morais
53%
1898–1902Campos Sales
45%
1909–10Nilo Peçanha
45%
1902–06Rodrigues Alves
45%
1906–09Afonso Pena
44%
1919–22Epitácio Pessoa
42%
1964Ranieri Mazzilli
41%
1961Ranieri Mazzilli
41%
1914–18Venceslau Brás
41%
1922–26Artur Bernardes
38%
1955Carlos Luz
38%
1918–19Delfim Moreira
36%
1955–56Nereu Ramos
35%
1945–46José Linhares
31%

Distribuição das Pontuações

Percentil de Números Respondidos

Porcentagem de Pessoas com Cada Pontuação

Sua Pontuação Histórica

Você não jogou esse quiz